000 00612nam a22002177a 4500
003 UA-OsUOA
001 81832
007 ta
008 20120209b un ||||| |||| 00| 0 ukr d
100 _aУманців Ю.
090 _a330(477)
_bУ52
942 _cSA
040 _aUA-OsUOA
_bukr
_cUA-OsUOA
_dUA-OsUOA
245 _aІнституційні основи інтеграції банківського та промислового капіталу
300 _aС.33-42
955 _a0
041 _aukr
080 _a330(477)
773 0 _w81825
650 7 _a330 Економіка взагалі
_2UDC
999 _c368143
_d368143